<?xml version="1.0" encoding="UTF-8"?>
<record
    xmlns:xsi="http://www.w3.org/2001/XMLSchema-instance"
    xsi:schemaLocation="http://www.loc.gov/MARC21/slim http://www.loc.gov/standards/marcxml/schema/MARC21slim.xsd"
    xmlns="http://www.loc.gov/MARC21/slim">

  <leader>00209nas a2200097Ia 4500</leader>
  <controlfield tag="008">140107s9999    xx            000 0 und d</controlfield>
  <datafield tag="040" ind1=" " ind2=" ">
    <subfield code="a">Loreto College</subfield>
  </datafield>
  <datafield tag="041" ind1=" " ind2=" ">
    <subfield code="a">English</subfield>
  </datafield>
  <datafield tag="245" ind1=" " ind2=" ">
    <subfield code="a">Combat Law</subfield>
  </datafield>
  <datafield tag="942" ind1=" " ind2=" ">
    <subfield code="c">BV</subfield>
  </datafield>
  <datafield tag="999" ind1=" " ind2=" ">
    <subfield code="c">38924</subfield>
    <subfield code="d">89403</subfield>
  </datafield>
  <datafield tag="952" ind1=" " ind2=" ">
    <subfield code="0">0</subfield>
    <subfield code="1">0</subfield>
    <subfield code="4">0</subfield>
    <subfield code="7">0</subfield>
    <subfield code="a">MAIN</subfield>
    <subfield code="b">MAIN</subfield>
    <subfield code="d">2014-01-13</subfield>
    <subfield code="h">7 (4-6); 1 July 2008 - 31 December 2008  [No.5]</subfield>
    <subfield code="i">7 (4-6); 2008</subfield>
    <subfield code="l">0</subfield>
    <subfield code="o">CL</subfield>
    <subfield code="p">BV523</subfield>
    <subfield code="r">2014-01-13</subfield>
    <subfield code="w">2014-01-13</subfield>
    <subfield code="y">BV</subfield>
  </datafield>
  <datafield tag="952" ind1=" " ind2=" ">
    <subfield code="0">0</subfield>
    <subfield code="1">0</subfield>
    <subfield code="4">0</subfield>
    <subfield code="7">0</subfield>
    <subfield code="a">MAIN</subfield>
    <subfield code="b">MAIN</subfield>
    <subfield code="d">2014-01-13</subfield>
    <subfield code="h">5 (1-5); 1 February 2006 - 31 December 2006</subfield>
    <subfield code="i">5 (1-5); 2006</subfield>
    <subfield code="l">0</subfield>
    <subfield code="o">CL</subfield>
    <subfield code="p">BV520</subfield>
    <subfield code="r">2014-01-13</subfield>
    <subfield code="w">2014-01-13</subfield>
    <subfield code="y">BV</subfield>
  </datafield>
  <datafield tag="952" ind1=" " ind2=" ">
    <subfield code="0">0</subfield>
    <subfield code="1">0</subfield>
    <subfield code="4">0</subfield>
    <subfield code="7">0</subfield>
    <subfield code="a">MAIN</subfield>
    <subfield code="b">MAIN</subfield>
    <subfield code="d">2014-01-13</subfield>
    <subfield code="h">6 (1-6); 1 January 2007 - 31 December 2007</subfield>
    <subfield code="i">6 (1-6); 2007</subfield>
    <subfield code="l">0</subfield>
    <subfield code="o">CL</subfield>
    <subfield code="p">BV521</subfield>
    <subfield code="r">2014-01-13</subfield>
    <subfield code="w">2014-01-13</subfield>
    <subfield code="y">BV</subfield>
  </datafield>
  <datafield tag="952" ind1=" " ind2=" ">
    <subfield code="0">0</subfield>
    <subfield code="1">0</subfield>
    <subfield code="4">0</subfield>
    <subfield code="7">0</subfield>
    <subfield code="a">MAIN</subfield>
    <subfield code="b">MAIN</subfield>
    <subfield code="d">2014-01-13</subfield>
    <subfield code="h">7 (1-3); 1 January 2008 - 30 June 2008</subfield>
    <subfield code="i">7 (1-3); 2008</subfield>
    <subfield code="l">0</subfield>
    <subfield code="o">CL</subfield>
    <subfield code="p">BV522</subfield>
    <subfield code="r">2014-01-13</subfield>
    <subfield code="w">2014-01-13</subfield>
    <subfield code="y">BV</subfield>
  </datafield>
  <datafield tag="952" ind1=" " ind2=" ">
    <subfield code="0">0</subfield>
    <subfield code="1">0</subfield>
    <subfield code="4">0</subfield>
    <subfield code="7">0</subfield>
    <subfield code="a">MAIN</subfield>
    <subfield code="b">MAIN</subfield>
    <subfield code="d">2014-01-13</subfield>
    <subfield code="h">8 (1-6); 1 January 2009 - 31 December 2009</subfield>
    <subfield code="i">8 (1-6); 2009</subfield>
    <subfield code="l">0</subfield>
    <subfield code="o">CL</subfield>
    <subfield code="p">BV671</subfield>
    <subfield code="r">2014-01-13</subfield>
    <subfield code="w">2014-01-13</subfield>
    <subfield code="y">BV</subfield>
  </datafield>
</record>
